| 000 | 00327nam a2200133Ia 4500 | ||
|---|---|---|---|
| 008 | 240328s9999||||xx |||||||||||||| ||und|| | ||
| 020 | _a9789350781296 | ||
| 082 |
_a561 _bVAS/B |
||
| 100 | _aSingh, V. | ||
| 245 | 2 | _aA Text Book of BOTANY. | |
| 250 | _a5th Edition | ||
| 260 |
_aMeerut _bRastogi Publication _c2024 |
||
| 942 | _cBK | ||
| 999 |
_c44160 _d44160 |
||